|
|
|
|
| LEADER |
00000nam0a2200000 4500 |
| 001 |
209090 |
| 005 |
20231101225518.0 |
| 010 |
|
|
|a 9785977508315
|
| 035 |
|
|
|a (RuTPU)RU\TPU\book\228393
|
| 090 |
|
|
|a 209090
|
| 100 |
|
|
|a 20120209d2012 m y0rusy50 ca
|
| 101 |
0 |
|
|a rus
|
| 102 |
|
|
|a RU
|
| 105 |
|
|
|a a j 001zy
|
| 200 |
1 |
|
|a Технологии современных сетей Ethernet. Методы коммутации и управления потоками данных
|e учебное пособие
|f Е. В. Смирнова, П. В. Козик
|g под ред. Б. В. Кострова
|
| 210 |
|
|
|a СПб.
|c БХВ-Петербург
|d 2012
|
| 215 |
|
|
|a 272 с.
|c ил.
|
| 225 |
1 |
|
|a Учебное пособие
|
| 320 |
|
|
|a Библиогр.: с. 272.
|
| 320 |
|
|
|a Глоссарий: с. 258-271.
|
| 330 |
|
|
|a Рассматриваются методы коммутации и принципы функционирования коммутаторов локальных вычислительных сетей Ethernet, приводятся их архитектура, характеристики и типы интерфейсов. Описываются управление потоками данных и программное обеспечение коммутаторов, начальные настройки и классификация коммутаторов по возможности управления, функции коммутаторов и построение виртуальных локальных сетей (VLAN). Особое внимание уделяется вопросам повышения надежности, производительности, обеспечения безопасности и ограничения доступа к сети. В приложении приводятся практические занятия с использованием коммутаторов D-Link.
|
| 606 |
1 |
|
|a Локальные сети
|2 stltpush
|3 (RuTPU)RU\TPU\subj\40598
|9 60441
|
| 610 |
1 |
|
|a эволюция
|
| 610 |
1 |
|
|a коммутаторы
|
| 610 |
1 |
|
|a функционирование
|
| 610 |
1 |
|
|a архитектура
|
| 610 |
1 |
|
|a производительность
|
| 610 |
1 |
|
|a настройка
|
| 610 |
1 |
|
|a виртуальные локальные сети
|
| 610 |
1 |
|
|a надежность
|
| 610 |
1 |
|
|a повышение
|
| 610 |
1 |
|
|a обслуживание
|
| 610 |
1 |
|
|a качество
|
| 610 |
1 |
|
|a безопасность
|
| 610 |
1 |
|
|a ограниченный доступ
|
| 610 |
1 |
|
|a Ethernet
|
| 610 |
1 |
|
|a учебные пособия
|
| 675 |
|
|
|a 004.732(075.8)
|v 4
|
| 700 |
|
1 |
|a Смирнова
|b Е. В.
|g Елена Викторовна
|
| 701 |
|
1 |
|a Козик
|b П. В.
|g Павел Владимирович
|
| 702 |
|
1 |
|a Костров
|b Б. В.
|g Борис Васильевич
|4 340
|
| 801 |
|
1 |
|a RU
|b 63413507
|c 20120209
|
| 801 |
|
2 |
|a RU
|b 63413507
|c 20150428
|g RCR
|
| 900 |
|
|
|a Интернет-технологии
|
| 942 |
|
|
|c BK
|
| 951 |
|
|
|b 230101 Вычилительные машины, комплексы, системы и сети
|
| 959 |
|
|
|a 15/20120206
|d 2
|e 219,00
|f ЧЗТЛ:1
|f АНЛ:1
|